| 000 | 00908cam a22002895i 4500 | ||
|---|---|---|---|
| 999 |
_c6943 _d6943 |
||
| 001 | 18732472 | ||
| 003 | OSt | ||
| 005 | 20190121190904.0 | ||
| 008 | 150806s2015 ilu 000 0 eng | ||
| 010 | _a 2015948579 | ||
| 020 | _a9780830846160 (pbk. : alk. paper) | ||
| 040 |
_aDLC _beng _erda _cDLC |
||
| 042 | _apcc | ||
| 082 |
_a242.2 _bW691H |
||
| 100 | 1 | _aWillard, Dallas. | |
| 245 | 1 | 0 |
_aHearing God through the year : _ba 365-day devotional / _cDallas Willard ; [edited by] Jan Johnson. |
| 263 | _a1509 | ||
| 264 | 1 |
_aDowners Grove, IL : _bInterVarsity Press, _c2015. |
|
| 300 | _apages cm | ||
| 336 |
_atext _btxt _2rdacontent |
||
| 337 |
_aunmediated _bn _2rdamedia |
||
| 338 |
_avolume _bnc _2rdacarrier |
||
| 490 | 0 | _aThrough the year devotionals | |
| 906 |
_a0 _bibc _corignew _d2 _eepcn _f20 _gy-gencatlg |
||
| 942 |
_2ddc _cBK |
||